[Event "14PCR_PF04"]
[Site "?"]
[Date "2003.??.??"]
[Round "?"]
[White "Goc, Pavel"]
[Black "Petricek, Jiri"]
[Result "1-0"]
[WhiteElo "2215"]
[BlackElo "1875"]
[PlyCount "57"]
[EventDate "2003.??.??"]
[EventType "corr"]
[EventRounds "2"]
[SourceDate "2004.??.??"]

1. e4 c6 2. d4 g6 3. Nc3 d5 4. h3 Be6 5. e5 Nd7 6. f4 Bg7 7. Nf3 Nh6 8. Ng5 O-O
9. g4 a5 10. Be3 b5 11. Qd2 Nb6 12. Nxe6 fxe6 13. f5 Nc4 14. Bxc4 dxc4 15. fxg6
b4 16. Bxh6 bxc3 17. Qg5 hxg6 18. Qxg6 Rf7 19. Bxg7 Qxd4 20. Bh6+ Kh8 21. Qxf7
Qe4+ 22. Kf2 Qxc2+ 23. Kg3 Qd3+ 24. Kh4 Rg8 25. bxc3 Qg6 26. Qxg6 Rxg6 27. Bf8
a4 28. Kh5 Rg8 29. Rhf1 1-0

[Event "14PCR_PF04"]
[Site "?"]
[Date "2003.??.??"]
[Round "?"]
[White "Kuchta, Jiri"]
[Black "Malinovsky, Leo"]
[Result "1-0"]
[WhiteElo "2215"]
[BlackElo "1915"]
[PlyCount "75"]
[EventDate "2003.??.??"]
[EventType "corr"]
[EventRounds "2"]
[SourceDate "2004.??.??"]

1. c4 Nf6 2. Nc3 e5 3. Nf3 Nc6 4. g3 Bb4 5. Bg2 O-O 6. O-O e4 7. Ng5 Bxc3 8.
bxc3 Re8 9. d3 exd3 10. exd3 b6 11. Ne4 Nxe4 12. Bxe4 Bb7 13. Qh5 g6 14. Qd1 f5
15. Bd5+ Kg7 16. Qd2 Kh8 17. Qh6 Qe7 18. Bg5 Qf8 19. Qh4 h5 20. Rae1 Rxe1 21.
Rxe1 Re8 22. Rxe8 Qxe8 23. Qf4 Qe1+ 24. Kg2 d6 25. Bd8 Kg7 26. Bxc7 Qe5 27.
Bxd6 Qxf4 28. gxf4 Kh6 29. Kg3 Kg7 30. Kh4 Kh7 31. Kg5 Nd8 32. Bc7 Bxd5 33.
cxd5 Nb7 34. Kf6 Kh6 35. d6 Nc5 36. Bxb6 axb6 37. h4 Nb7 38. Ke7 1-0

[Event "14PCR_PF04"]
[Site "?"]
[Date "2003.??.??"]
[Round "?"]
[White "Rychtecky, Pavel"]
[Black "Houdek, Vladimir"]
[Result "0-1"]
[WhiteElo "2200"]
[BlackElo "2105"]
[PlyCount "68"]
[EventDate "2003.??.??"]
[EventType "corr"]
[EventRounds "2"]
[SourceDate "2004.??.??"]

1. e4 e5 2. Nf3 Nc6 3. Bb5 a6 4. Ba4 Nf6 5. O-O Be7 6. Qe2 b5 7. Bb3 O-O 8. c3
d6 9. Rd1 Bg4 10. h3 Bxf3 11. Qxf3 Na5 12. Bc2 c5 13. d3 Nd7 14. Qg3 Kh8 15.
Be3 Bh4 16. Qg4 g6 17. Na3 Rc8 18. Rf1 f5 19. exf5 gxf5 20. Qh5 f4 21. Bd2 Be7
22. Rfe1 Nf6 23. Qf3 Nc6 24. Re2 d5 25. Nb1 Rg8 26. Kh1 Qd7 27. a4 b4 28. Re1
a5 29. Bc1 Rg5 30. Nd2 Rcg8 31. Bb1 e4 32. dxe4 Ne5 33. Qxf4 Rxg2 34. Qf5 Bd6
0-1

[Event "14PCR_PF04"]
[Site "?"]
[Date "2003.??.??"]
[Round "?"]
[White "Bednarik, Radovan"]
[Black "Janecek, Josef"]
[Result "0-1"]
[WhiteElo "2190"]
[BlackElo "2185"]
[PlyCount "76"]
[EventDate "2003.??.??"]
[EventType "corr"]
[EventRounds "2"]
[SourceDate "2004.??.??"]

1. d4 Nf6 2. f3 d5 3. e4 dxe4 4. Nc3 c6 5. fxe4 e5 6. dxe5 Qxd1+ 7. Nxd1 Nxe4
8. Bc4 Nd7 9. Nf3 Nb6 10. Be2 Be6 11. a3 O-O-O 12. b4 Be7 13. Bd3 f5 14. Nf2
Bd5 15. O-O c5 16. Nd2 Nxf2 17. Bxf5+ Kb8 18. Kxf2 cxb4 19. Kg3 bxa3 20. Bxa3
Bxa3 21. Rxa3 Bxg2 22. Rf2 Bd5 23. Re2 g6 24. Bd3 Rhe8 25. Bb5 Re7 26. c4 Be6
27. c5 Bd7 28. Bc4 Nxc4 29. Nxc4 Bb5 30. Rc2 Bxc4 31. Rxc4 Rxe5 32. c6 Rc8 33.
Rh4 Rxc6 34. Rxh7 a6 35. Rg7 b5 36. Rd3 Ree6 37. Rdd7 Rc3+ 38. Kf2 Rb6 0-1

[Event "14PCR_PF04"]
[Site "?"]
[Date "2003.??.??"]
[Round "?"]
[White "Petricek, Jiri"]
[Black "Janecek, Josef"]
[Result "0-1"]
[WhiteElo "1875"]
[BlackElo "2185"]
[PlyCount "70"]
[EventDate "2003.??.??"]
[EventType "corr"]
[EventRounds "2"]
[SourceDate "2004.??.??"]

1. e4 c5 2. Nf3 Nc6 3. d4 cxd4 4. Nxd4 Nf6 5. Nc3 e5 6. Nde2 Bc5 7. Ng3 d6 8.
Be2 Be6 9. O-O Nd4 10. Bg5 h6 11. Bxf6 Qxf6 12. Nh5 Qg5 13. Qd3 O-O-O 14. Ng3
h5 15. Rfd1 h4 16. Nf1 f5 17. Nb5 fxe4 18. Qxe4 Bf5 19. Qe3 Qxe3 20. fxe3 Nxe2+
21. Kf2 Bg4 22. Rd3 a6 23. h3 Bh5 24. Nc3 Rhf8+ 25. Ke1 Rxf1+ 26. Kxf1 Rf8+ 27.
Ke1 Ng3 28. Kd2 Rf2+ 29. Kc1 Rf1+ 30. Nd1 Bxe3+ 31. Kb1 e4 32. Rc3+ Kb8 33. a4
Rxd1+ 34. Ka2 Bf7+ 35. b3 Rxa1+ 0-1

[Event "14PCR_PF04"]
[Site "?"]
[Date "2003.??.??"]
[Round "?"]
[White "Malinovsky, Leo"]
[Black "Rychtecky, Pavel"]
[Result "0-1"]
[WhiteElo "1915"]
[BlackElo "2200"]
[PlyCount "100"]
[EventDate "2003.??.??"]
[EventType "corr"]
[EventRounds "2"]
[SourceDate "2004.??.??"]

1. d4 Nf6 2. c4 g6 3. Nc3 Bg7 4. e4 d6 5. Nf3 O-O 6. Be2 e5 7. O-O Nc6 8. d5
Ne7 9. Nd2 a5 10. b3 Nd7 11. Ba3 f5 12. b4 axb4 13. Bxb4 b6 14. a4 Nf6 15. exf5
Nxf5 16. a5 bxa5 17. Rxa5 Rxa5 18. Bxa5 Nd4 19. Nde4 Nxe4 20. Nxe4 Bf5 21. Bd3
Qd7 22. Bc3 c5 23. Ng3 Bg4 24. f3 Bf5 25. Nxf5 Nxf5 26. Re1 Qf7 27. Bxf5 Qxf5
28. Qd2 Rb8 29. Bb2 Rb4 30. Re4 Qc8 31. Bc3 Rb1+ 32. Re1 Qf5 33. Qe2 Rb3 34.
Bb2 Bh6 35. Ra1 Be3+ 36. Kh1 Bd4 37. Bxd4 cxd4 38. Kg1 Rb1+ 39. Rxb1 Qxb1+ 40.
Kf2 d3 41. Qd2 Qb6+ 42. Kf1 Qd4 43. Qa5 d2 44. Qd8+ Kg7 45. Qe7+ Kh6 46. Qf8+
Kg5 47. h4+ Kh5 48. g4+ Kxh4 49. Kg2 Qg1+ 50. Kxg1 Kg3 0-1

[Event "14PCR_PF04"]
[Site "?"]
[Date "2003.??.??"]
[Round "?"]
[White "Goc, Pavel"]
[Black "Kuchta, Jiri"]
[Result "1-0"]
[WhiteElo "2215"]
[BlackElo "2215"]
[PlyCount "91"]
[EventDate "2003.??.??"]
[EventType "corr"]
[EventRounds "2"]
[SourceDate "2004.??.??"]

1. e4 c5 2. c3 Nf6 3. e5 Nd5 4. d4 cxd4 5. Nf3 d6 6. exd6 Qxd6 7. Nxd4 Nc6 8.
Be2 Nf4 9. Bxf4 Qxf4 10. Nxc6 bxc6 11. O-O e6 12. Bf3 Bd7 13. b4 a5 14. b5 Qc7
15. Qa4 Bd6 16. Rd1 Bxh2+ 17. Kh1 Be5 18. bxc6 Bc8 19. Na3 O-O 20. Rab1 Qe7 21.
Nb5 Qf6 22. c7 Ra6 23. Qc4 Qe7 24. Rd3 Rb6 25. Rbd1 Rxb5 26. Qxb5 Bxc7 27. Kg1
Qh4 28. g3 Qe7 29. Qc6 Bb8 30. Qb6 Bc7 31. Qa7 Bd8 32. Bb7 Bxb7 33. Rd7 Qg5 34.
Rxb7 h6 35. Rb8 Be7 36. Rxf8+ Bxf8 37. Qa8 g6 38. Rd8 Qc1+ 39. Kg2 Qa3 40. c4
Kg7 41. Qb8 Qc5 42. Rc8 Qb4 43. Qe5+ Kg8 44. Qb5 Kg7 45. Ra8 Qd6 46. Rxa5 1-0

[Event "14PCR_PF04"]
[Site "?"]
[Date "2003.??.??"]
[Round "?"]
[White "Kuchta, Jiri"]
[Black "Petricek, Jiri"]
[Result "1-0"]
[WhiteElo "2215"]
[BlackElo "1875"]
[PlyCount "37"]
[EventDate "2003.??.??"]
[EventType "corr"]
[EventRounds "2"]
[SourceDate "2004.??.??"]

1. c4 Nf6 2. Nc3 c5 3. Nf3 d5 4. cxd5 Nxd5 5. d4 Nxc3 6. bxc3 Bg4 7. Ne5 Be6 8.
Qa4+ Nd7 9. e4 Qc7 10. Rb1 g5 11. Bb5 cxd4 12. cxd4 f6 13. d5 Kd8 14. dxe6 Nxe5
15. Bd2 a5 16. O-O Bg7 17. Rbc1 Nc6 18. Bxc6 Rc8 19. Bxa5 1-0

[Event "14PCR_PF04"]
[Site "?"]
[Date "2003.??.??"]
[Round "?"]
[White "Rychtecky, Pavel"]
[Black "Goc, Pavel"]
[Result "1-0"]
[WhiteElo "2200"]
[BlackElo "2215"]
[PlyCount "109"]
[EventDate "2003.??.??"]
[EventType "corr"]
[EventRounds "2"]
[SourceDate "2004.??.??"]

1. d4 Nf6 2. c4 e6 3. Nc3 Bb4 4. e3 c5 5. Nge2 cxd4 6. exd4 d5 7. c5 Ne4 8. Bd2
Nxd2 9. Qxd2 a5 10. a3 Bxc3 11. Nxc3 a4 12. Bd3 Bd7 13. O-O O-O 14. f4 g6 15.
Kh1 Nc6 16. Qe3 f6 17. Rae1 Ne7 18. Rc1 b6 19. Nb5 Kg7 20. Nd6 Rb8 21. Rc2 b5
22. f5 gxf5 23. Rf3 Kh8 24. Rh3 Nc8 25. Nxf5 exf5 26. c6 Rb6 27. cxd7 Qxd7 28.
Qc1 Re8 29. Kg1 Nd6 30. Rc7 Re1+ 31. Kf2 Rxc1 32. Rxd7 Ne4+ 33. Ke2 Ng5 34. Re3
Re6 35. Bxf5 Rxe3+ 36. Kxe3 Rh1 37. h3 Re1+ 38. Kf2 Rd1 39. Rxd5 Rd2+ 40. Ke3
Rxb2 41. h4 Rxg2 42. hxg5 fxg5 43. Rxb5 Rg3+ 44. Ke4 Kg7 45. Ke5 Re3+ 46. Be4
h5 47. d5 h4 48. d6 Kf7 49. Rb7+ Ke8 50. Kf5 Rb3 51. Bc6+ Kf8 52. Rxb3 axb3 53.
Kf6 b2 54. d7 b1=Q 55. d8=Q# 1-0

[Event "14PCR_PF04"]
[Site "?"]
[Date "2003.??.??"]
[Round "?"]
[White "Bednarik, Radovan"]
[Black "Malinovsky, Leo"]
[Result "1-0"]
[WhiteElo "2190"]
[BlackElo "1915"]
[PlyCount "53"]
[EventDate "2003.??.??"]
[EventType "corr"]
[EventRounds "2"]
[SourceDate "2004.??.??"]

1. d4 Nf6 2. f3 d6 3. e4 g6 4. c4 Bg7 5. Nc3 O-O 6. Be3 Nbd7 7. Bd3 c5 8. Nge2
cxd4 9. Nxd4 b6 10. Nc6 Qe8 11. Nb5 Nc5 12. Ncxa7 Qd7 13. Nxc8 Nxd3+ 14. Qxd3
Rfxc8 15. O-O Qb7 16. Bd4 Rc6 17. b3 Re8 18. f4 Rcc8 19. Rae1 Ra8 20. a4 Qc6
21. e5 dxe5 22. fxe5 Nd7 23. e6 fxe6 24. Bxg7 Kxg7 25. Nd4 Qd6 26. Rxe6 Qb4 27.
Rxg6+ 1-0

[Event "14PCR_PF04"]
[Site "?"]
[Date "2003.??.??"]
[Round "?"]
[White "Janecek, Josef"]
[Black "Houdek, Vladimir"]
[Result "1/2-1/2"]
[WhiteElo "2185"]
[BlackElo "2105"]
[PlyCount "70"]
[EventDate "2003.??.??"]
[EventType "corr"]
[EventRounds "2"]
[SourceDate "2004.??.??"]

1. e4 e5 2. Nf3 Nc6 3. Bb5 a6 4. Ba4 Nf6 5. O-O Be7 6. Re1 b5 7. Bb3 d6 8. c3
O-O 9. h3 Nb8 10. d4 Nbd7 11. Nbd2 Bb7 12. Bc2 Re8 13. a4 Bf8 14. Bd3 c6 15. b3
g6 16. Bb2 Bg7 17. Qc2 Qc7 18. c4 bxa4 19. c5 axb3 20. Nxb3 exd4 21. cxd6 Qxd6
22. Na5 Qc7 23. Bxd4 c5 24. Bb2 h6 25. Nxb7 Qxb7 26. e5 Nd5 27. Rad1 Rab8 28.
Bxa6 Qxb2 29. Qxb2 Rxb2 30. Rxd5 Re7 31. Bc8 Nb6 32. Rxc5 Ra7 33. e6 Kf8 34.
Rec1 Bf6 35. Rc7 Nxc8 1/2-1/2

[Event "14PCR_PF04"]
[Site "?"]
[Date "2003.??.??"]
[Round "?"]
[White "Petricek, Jiri"]
[Black "Houdek, Vladimir"]
[Result "0-1"]
[WhiteElo "1875"]
[BlackElo "2105"]
[PlyCount "37"]
[EventDate "2003.??.??"]
[EventType "corr"]
[EventRounds "2"]
[SourceDate "2004.??.??"]

1. e4 e5 2. Nc3 Nf6 3. Bc4 Nc6 4. d3 Bb4 5. Nf3 d5 6. exd5 Nxd5 7. Qd2 Bxc3 8.
bxc3 O-O 9. O-O Bg4 10. Ne1 a6 11. Rb1 b5 12. Bb3 Nf4 13. h3 Be2 14. Ba3 Qg5
15. Bxf8 Nxh3+ 16. Kh1 Qxd2 17. Nf3 Bxf3 18. gxf3 Rxf8 19. Kg2 0-1

[Event "14PCR_PF04"]
[Site "?"]
[Date "2003.??.??"]
[Round "?"]
[White "Malinovsky, Leo"]
[Black "Janecek, Josef"]
[Result "0-1"]
[WhiteElo "1915"]
[BlackElo "2185"]
[PlyCount "46"]
[EventDate "2003.??.??"]
[EventType "corr"]
[EventRounds "2"]
[SourceDate "2004.??.??"]

1. d4 Nf6 2. c4 g6 3. Nc3 d5 4. Nf3 Bg7 5. Bf4 O-O 6. Rc1 dxc4 7. e3 Be6 8. Ng5
Bd5 9. e4 h6 10. exd5 hxg5 11. Bxg5 Nxd5 12. Qf3 Nb4 13. Qxb7 N8c6 14. Qb5 Rb8
15. Qa4 Qxd4 16. Be3 Nd3+ 17. Bxd3 Qxd3 18. Nd1 Bxb2 19. Rxc4 Ba3 20. Qxc6 Rfd8
21. Bd4 Rb1 22. Qa4 Rxd1+ 23. Qxd1 Qxc4 0-1

[Event "14PCR_PF04"]
[Site "?"]
[Date "2003.??.??"]
[Round "?"]
[White "Goc, Pavel"]
[Black "Bednarik, Radovan"]
[Result "1/2-1/2"]
[WhiteElo "2215"]
[BlackElo "2190"]
[PlyCount "51"]
[EventDate "2003.??.??"]
[EventType "corr"]
[EventRounds "2"]
[SourceDate "2004.??.??"]

1. e4 e5 2. Nf3 Nc6 3. d4 exd4 4. c3 d5 5. exd5 Qxd5 6. cxd4 Bg4 7. Be2 O-O-O
8. Nc3 Qd7 9. Be3 Nf6 10. Qb3 Bb4 11. O-O Rhe8 12. Rac1 a6 13. Rfd1 Bxc3 14.
Rxc3 Qe6 15. Qxe6+ Rxe6 16. h3 Bxf3 17. Bxf3 Nb4 18. Rb3 Nbd5 19. Bg5 h6 20.
Bh4 g5 21. Bg3 h5 22. Be5 c6 23. Kf1 g4 24. Be2 Rde8 25. Bd3 Ne7 26. Bc4
1/2-1/2

[Event "14PCR_PF04"]
[Site "?"]
[Date "2003.??.??"]
[Round "?"]
[White "Kuchta, Jiri"]
[Black "Rychtecky, Pavel"]
[Result "1/2-1/2"]
[WhiteElo "2215"]
[BlackElo "2200"]
[PlyCount "131"]
[EventDate "2003.??.??"]
[EventType "corr"]
[EventRounds "2"]
[SourceDate "2004.??.??"]

1. c4 Nf6 2. Nc3 d5 3. cxd5 Nxd5 4. Nf3 g6 5. e4 Nxc3 6. dxc3 Qxd1+ 7. Kxd1 Nd7
8. Bf4 Nc5 9. Nd2 Ne6 10. Be3 Bd7 11. Bc4 Bg7 12. Kc2 a6 13. Rhd1 O-O-O 14. f4
h6 15. g4 Rde8 16. h4 Nd8 17. Rg1 h5 18. g5 Rhf8 19. Bd4 f6 20. Raf1 Bg4 21.
Nf3 Bh8 22. Nh2 Be6 23. Bd3 Nc6 24. gxf6 exf6 25. Bc5 Rg8 26. b3 Rd8 27. Rg3
Rd7 28. Rfg1 Bf7 29. Nf3 Rgd8 30. Bf1 Kb8 31. Bh3 Rd3 32. Nd4 Nxd4+ 33. Bxd4
Rxg3 34. Rxg3 b6 35. f5 gxf5 36. Bxf5 c5 37. Bf2 Kb7 38. a4 a5 39. Be3 Re8 40.
Bf4 Rd8 41. Bg6 Be8 42. Bxe8 Rxe8 43. Kd3 c4+ 44. bxc4 Rd8+ 45. Ke3 Kc6 46. Rg6
Kc5 47. Rh6 f5 48. Rxh5 Kxc4 49. Bc7 Rd3+ 50. Kf4 Bxc3 51. Rxf5 Bd2+ 52. Kg4
Re3 53. Re5 Ra3 54. Bxb6 Rxa4 55. Rc5+ Kb3 56. Rb5+ Kc4 57. Rd5 Ra2 58. Rd4+
Kb5 59. Bc7 a4 60. h5 a3 61. Bd6 Bc1 62. Rd1 Rc2 63. Bxa3 Bxa3 64. Rd8 Kc4 65.
Rc8+ Bc5 66. h6 1/2-1/2

[Event "14PCR_PF04"]
[Site "?"]
[Date "2003.??.??"]
[Round "?"]
[White "Rychtecky, Pavel"]
[Black "Petricek, Jiri"]
[Result "1-0"]
[WhiteElo "2200"]
[BlackElo "1875"]
[PlyCount "55"]
[EventDate "2003.??.??"]
[EventType "corr"]
[EventRounds "2"]
[SourceDate "2004.??.??"]

1. e4 e6 2. d4 d5 3. Nc3 Nf6 4. e5 Nfd7 5. f4 c5 6. Nf3 Nc6 7. Be3 Qb6 8. a3
cxd4 9. Nxd4 Nxd4 10. Qxd4 Bc5 11. Nb5 O-O 12. b4 Bxd4 13. Bxd4 Qxd4 14. Nxd4
a6 15. c4 dxc4 16. Bxc4 Nb6 17. Bb3 Rd8 18. Rd1 Bd7 19. Rf1 a5 20. bxa5 Rxa5
21. Nc2 g5 22. g3 Rc8 23. Rf2 Bc6 24. Rd4 Bd5 25. Bxd5 Nxd5 26. Kd2 h6 27. Rf3
Rb5 28. Nb4 1-0

[Event "14PCR_PF04"]
[Site "?"]
[Date "2003.??.??"]
[Round "?"]
[White "Bednarik, Radovan"]
[Black "Kuchta, Jiri"]
[Result "1/2-1/2"]
[WhiteElo "2190"]
[BlackElo "2215"]
[PlyCount "137"]
[EventDate "2003.??.??"]
[EventType "corr"]
[EventRounds "2"]
[SourceDate "2004.??.??"]

1. d4 d5 2. c4 c6 3. Nc3 e6 4. Nf3 Nf6 5. e3 Nbd7 6. Bd3 Bd6 7. Qc2 O-O 8. O-O
dxc4 9. Bxc4 a6 10. Rd1 b5 11. Be2 Qc7 12. Ne4 Nxe4 13. Qxe4 c5 14. dxc5 Nxc5
15. Qxa8 Bb7 16. Qxf8+ Kxf8 17. Bd2 Ne4 18. Rac1 Qb8 19. Ba5 Bd5 20. a3 Kg8 21.
h3 h6 22. b4 f5 23. Bd3 Nf6 24. Rd2 Qe8 25. Ne1 Qd7 26. Rdc2 Kh7 27. Rc8 Bb7
28. Rd8 Qe7 29. Nf3 Nd5 30. Be2 e5 31. Kf1 Qe6 32. Bd1 Nf6 33. Nd2 Bd5 34. Rcc8
e4 35. Bc7 Bxc7 36. Rxc7 Qb6 37. Rcc8 Be6 38. Ra8 Qc6 39. Ke1 Nd5 40. h4 Nc7
41. Rab8 Kg6 42. Rd4 Kf7 43. g4 g6 44. h5 gxh5 45. gxf5 Bxf5 46. Bxh5+ Ke7 47.
Rbd8 Ne6 48. R8d7+ Qxd7 49. Rxd7+ Kxd7 50. f3 Ng5 51. Kf2 exf3 52. Bxf3 Kd6 53.
Bb7 Kc7 54. Ba8 Nf7 55. Kg3 Bd7 56. Bf3 Ne5 57. Be2 Be6 58. Kf4 Nc4 59. Nxc4
bxc4 60. e4 Bf7 61. Ke3 h5 62. Kd4 h4 63. Bg4 Kd6 64. e5+ Ke7 65. Bc8 Kd8 66.
Bh3 Ke7 67. Bc8 Kd8 68. Bh3 Ke7 69. Bc8 1/2-1/2

[Event "14PCR_PF04"]
[Site "?"]
[Date "2003.??.??"]
[Round "?"]
[White "Janecek, Josef"]
[Black "Goc, Pavel"]
[Result "1-0"]
[WhiteElo "2185"]
[BlackElo "2215"]
[PlyCount "55"]
[EventDate "2003.??.??"]
[EventType "corr"]
[EventRounds "2"]
[SourceDate "2004.??.??"]

1. e4 e5 2. Nf3 Nc6 3. Bb5 a6 4. Ba4 Nf6 5. O-O Nxe4 6. d4 b5 7. Bb3 d5 8. dxe5
Be6 9. Nbd2 Nc5 10. c3 Nd3 11. Qe2 Nf4 12. Qe3 g5 13. Rd1 Na5 14. Bc2 Bh6 15.
Ne4 g4 16. Kh1 gxf3 17. Qxf3 Qh4 18. Nf6+ Ke7 19. g3 Qh3 20. Bxf4 c6 21. Qe3
Bxf4 22. Qxf4 Kd8 23. Qb4 Nc4 24. b3 Nb6 25. a4 Bd7 26. Qc5 Kc7 27. Rxd5 Bg4
28. Be4 1-0

[Event "14PCR_PF04"]
[Site "?"]
[Date "2003.??.??"]
[Round "?"]
[White "Houdek, Vladimir"]
[Black "Malinovsky, Leo"]
[Result "1/2-1/2"]
[WhiteElo "2105"]
[BlackElo "1915"]
[PlyCount "82"]
[EventDate "2003.??.??"]
[EventType "corr"]
[EventRounds "2"]
[SourceDate "2004.??.??"]

1. c4 Nf6 2. Nc3 g6 3. Nf3 Bg7 4. g3 O-O 5. d4 d6 6. Bg2 Nc6 7. O-O Bg4 8. Be3
Re8 9. Qb3 Na5 10. Qa4 c6 11. Rfd1 b6 12. Bf4 a6 13. Nd2 Nh5 14. Be3 b5 15. Qb4
Rb8 16. cxb5 cxb5 17. h3 Bd7 18. g4 Nf6 19. Rdc1 Nc6 20. Qb3 Na5 21. Qd1 Nc4
22. Nxc4 bxc4 23. b3 cxb3 24. axb3 Qb6 25. g5 Nh5 26. Nd5 Qxb3 27. Qxb3 Rxb3
28. Rxa6 Be6 29. Kh2 Bxd5 30. Bxd5 Rbb8 31. Rc7 Rbc8 32. Rd7 Kf8 33. Rda7 Rb8
34. Bc6 Rec8 35. Bb7 Rc7 36. Rb6 f5 37. Bd5 Rcc8 38. Rxb8 Rxb8 39. f4 Bh8 40.
Ba2 Bg7 41. h4 Ke8 1/2-1/2

[Event "14PCR_PF04"]
[Site "?"]
[Date "2003.??.??"]
[Round "?"]
[White "Petricek, Jiri"]
[Black "Malinovsky, Leo"]
[Result "0-1"]
[WhiteElo "1875"]
[BlackElo "1915"]
[PlyCount "56"]
[EventDate "2003.??.??"]
[EventType "corr"]
[EventRounds "2"]
[SourceDate "2004.??.??"]

1. e4 e6 2. d4 d5 3. Nc3 Nf6 4. Bg5 dxe4 5. Nxe4 Nbd7 6. Nf3 Be7 7. Nxf6+ Bxf6
8. Bxf6 Qxf6 9. Qd2 Nb6 10. O-O-O Bd7 11. c3 O-O-O 12. Ne5 h6 13. Re1 Ba4 14.
Bd3 Rhe8 15. h3 Nd5 16. Be4 Qe7 17. f4 f6 18. Ng6 Qd6 19. a3 Nb6 20. g3 c5 21.
d5 exd5 22. Bf5+ Kb8 23. Rhf1 d4 24. Re6 Rxe6 25. Bxe6 Qxe6 26. g4 Qa2 27. Qf2
dxc3 28. bxc3 Qa1# 0-1

[Event "14PCR_PF04"]
[Site "?"]
[Date "2003.??.??"]
[Round "?"]
[White "Goc, Pavel"]
[Black "Houdek, Vladimir"]
[Result "1/2-1/2"]
[WhiteElo "2215"]
[BlackElo "2105"]
[PlyCount "49"]
[EventDate "2003.??.??"]
[EventType "corr"]
[EventRounds "2"]
[SourceDate "2004.??.??"]

1. e4 e5 2. Nf3 Nc6 3. d4 exd4 4. c3 d5 5. exd5 Qxd5 6. cxd4 Bg4 7. Be2 Bb4+ 8.
Nc3 Bxf3 9. Bxf3 Qc4 10. Qb3 Qxb3 11. axb3 Nge7 12. O-O a5 13. Rd1 O-O-O 14.
Nb5 Nd5 15. Bg5 f6 16. Bd2 Bxd2 17. Rxd2 Rhe8 18. Kf1 b6 19. Rc1 Ncb4 20. Nc3
g6 21. Nxd5 Nxd5 22. Rdc2 Re7 23. Rc6 f5 24. g3 Kb8 25. Ra1 1/2-1/2

[Event "14PCR_PF04"]
[Site "?"]
[Date "2003.??.??"]
[Round "?"]
[White "Kuchta, Jiri"]
[Black "Janecek, Josef"]
[Result "0-1"]
[WhiteElo "2215"]
[BlackElo "2185"]
[PlyCount "134"]
[EventDate "2003.??.??"]
[EventType "corr"]
[EventRounds "2"]
[SourceDate "2004.??.??"]

1. c4 Nf6 2. Nc3 g6 3. d4 d5 4. Bf4 Bg7 5. e3 c5 6. dxc5 Qa5 7. Rc1 dxc4 8.
Bxc4 O-O 9. Nge2 Qxc5 10. Qb3 Nc6 11. Nb5 Qh5 12. Ng3 Qh4 13. Nc7 e5 14. Bxe5
Nxe5 15. Nxa8 Bd7 16. Nc7 Bc6 17. Nd5 Kh8 18. Nxf6 Bxg2 19. Rg1 Bc6 20. Nd5
Nf3+ 21. Ke2 Qg4 22. Kd3 Rd8 23. Rgd1 b5 24. Kc2 bxc4 25. Qb4 a5 26. Qb6 Qd7
27. Nc3 Nd2 28. Qxd8+ Qxd8 29. Rxd2 Qe7 30. Kd1 h5 31. Ke1 h4 32. Nf1 Bg2 33.
Rdc2 Qe6 34. Nd2 Qh3 35. Na4 c3 36. Nxc3 Qxh2 37. Ke2 Qe5 38. f3 h3 39. Nce4 h2
40. Rc5 Qe7 41. Rc7 Qxc7 42. Rxc7 h1=Q 43. Rc8+ Kh7 44. Ng5+ Kh6 45. Nxf7+ Kh5
46. Rc5+ Kh4 47. Rxa5 Bh3 48. Ra4+ Kh5 49. Ra5+ Bf5 50. e4 Qh2+ 51. Kd3 Qc7 52.
Nc4 Qxf7 53. exf5 Qd7+ 54. Ke2 gxf5 55. Ne3 Qd4 56. Rxf5+ Kg6 57. f4 Qxb2+ 58.
Kf3 Bd4 59. Rg5+ Kf7 60. Ke4 Bxe3 61. Rf5+ Kg6 62. Rg5+ Kh6 63. Kxe3 Qxa2 64.
Kf3 Qe6 65. Kg3 Qe3+ 66. Kg4 Qf2 67. Rh5+ Kg7 0-1

[Event "14PCR_PF04"]
[Site "?"]
[Date "2003.??.??"]
[Round "?"]
[White "Rychtecky, Pavel"]
[Black "Bednarik, Radovan"]
[Result "1-0"]
[WhiteElo "2200"]
[BlackElo "2190"]
[PlyCount "75"]
[EventDate "2003.??.??"]
[EventType "corr"]
[EventRounds "2"]
[SourceDate "2004.??.??"]

1. e4 e5 2. Nf3 d6 3. d4 exd4 4. Nxd4 Nf6 5. Nc3 g6 6. Be3 Bg7 7. Qd2 O-O 8.
O-O-O Re8 9. f3 Nc6 10. g4 Ne5 11. Be2 a6 12. g5 Nh5 13. f4 Ng4 14. Bf3 f6 15.
Rhg1 f5 16. h3 Nxe3 17. Qxe3 c5 18. Nde2 Qb6 19. Bxh5 gxh5 20. e5 dxe5 21. Nd5
Qa5 22. Nf6+ Kf8 23. fxe5 c4 24. Rd5 Qb4 25. Nxh7+ Kf7 26. c3 Qe7 27. Nf4 Qc7
28. Nf6 Be6 29. Rd6 Rac8 30. Qf3 Kf8 31. Rxe6 Qc5 32. Nd7+ Kg8 33. Nxc5 Rf8 34.
Nd5 Rf7 35. Qxh5 Kf8 36. Nf6 Bxf6 37. gxf6 Rfc7 38. Qh8+ 1-0

[Event "14PCR_PF04"]
[Site "?"]
[Date "2003.??.??"]
[Round "?"]
[White "Bednarik, Radovan"]
[Black "Petricek, Jiri"]
[Result "1-0"]
[WhiteElo "2190"]
[BlackElo "1875"]
[PlyCount "47"]
[EventDate "2003.??.??"]
[EventType "corr"]
[EventRounds "2"]
[SourceDate "2004.??.??"]

1. d4 Nf6 2. f3 d5 3. e4 dxe4 4. Nc3 Bf5 5. g4 Bxg4 6. fxg4 Nc6 7. g5 Qxd4 8.
gxf6 Qxd1+ 9. Nxd1 exf6 10. Bb5 O-O-O 11. Bxc6 bxc6 12. Be3 Bb4+ 13. c3 Bd6 14.
Ne2 Rhg8 15. b4 a6 16. Nd4 Kd7 17. Nf2 Rge8 18. O-O-O h5 19. c4 Rb8 20. c5 Be5
21. Nf5+ Kc8 22. Nxg7 Rg8 23. Nf5 Rg2 24. a3 1-0

[Event "14PCR_PF04"]
[Site "?"]
[Date "2003.??.??"]
[Round "?"]
[White "Janecek, Josef"]
[Black "Rychtecky, Pavel"]
[Result "1/2-1/2"]
[WhiteElo "2185"]
[BlackElo "2200"]
[PlyCount "101"]
[EventDate "2003.??.??"]
[EventType "corr"]
[EventRounds "2"]
[SourceDate "2004.??.??"]

1. e4 c6 2. d4 d5 3. exd5 cxd5 4. c4 Nf6 5. Nc3 e6 6. Nf3 Be7 7. a3 O-O 8. c5
Ne4 9. Qc2 f5 10. b4 Bf6 11. Bb2 Nc6 12. Rd1 Bd7 13. Be2 Qc7 14. O-O Rac8 15.
Qb3 b6 16. Rfe1 Qb7 17. cxb6 Qxb6 18. Na4 Qb8 19. Rc1 a5 20. Ba6 Rce8 21. Nc5
Nxc5 22. dxc5 axb4 23. Bxf6 Rxf6 24. Rb1 bxa3 25. Qxa3 Qa8 26. Qd3 Rb8 27. Bb5
Rb7 28. Bxc6 Bxc6 29. Nd4 Rxb1 30. Qxb1 Bd7 31. Qb6 f4 32. h4 h6 33. Qd6 Qa5
34. Rb1 Qc3 35. Nf3 Ba4 36. Rb8+ Kh7 37. Qd8 Kg6 38. Qe7 Kh7 39. Rb7 Rf5 40.
Qxe6 Qa1+ 41. Kh2 Qf6 42. Qxf6 Rxf6 43. Rb6 Rc6 44. Rxc6 Bxc6 45. g3 Bb5 46.
Nd4 Ba6 47. gxf4 Kg6 48. Kg3 Kf6 49. Kf3 Bc8 50. Ne2 g6 51. Ng3 1/2-1/2

[Event "14PCR_PF04"]
[Site "?"]
[Date "2003.??.??"]
[Round "?"]
[White "Houdek, Vladimir"]
[Black "Kuchta, Jiri"]
[Result "1-0"]
[WhiteElo "2105"]
[BlackElo "2215"]
[PlyCount "85"]
[EventDate "2003.??.??"]
[EventType "corr"]
[EventRounds "2"]
[SourceDate "2004.??.??"]

1. c4 e5 2. Nc3 Nc6 3. g3 g6 4. Bg2 Bg7 5. e3 d6 6. Nge2 Nge7 7. d4 O-O 8. O-O
exd4 9. exd4 Re8 10. Be3 Bg4 11. Qd2 Nf5 12. Rae1 Bxe2 13. Nxe2 Nxe3 14. fxe3
Rxe3 15. Qxe3 f5 16. Bxc6 bxc6 17. b3 Qe8 18. Qxe8+ Rxe8 19. Kg2 Rb8 20. d5
cxd5 21. cxd5 Rb5 22. Nf4 g5 23. Ne6 Rxd5 24. Nxg5 Bf6 25. Re8+ Kg7 26. Ne6+
Kf7 27. Nxc7 Rc5 28. Rc8 Kg6 29. Rf4 d5 30. Ra4 a5 31. a3 h5 32. b4 axb4 33.
axb4 Rc2+ 34. Kh3 d4 35. Ra6 d3 36. Rd6 f4 37. Rf8 Rxc7 38. Rfxf6+ Kg7 39. Rxf4
Rb7 40. Rxd3 Rb5 41. Ra3 Rb6 42. Ra5 Kh6 43. Rh4 1-0